| 000 | 00743nam a22001577a 4500 | ||
|---|---|---|---|
| 003 | OSt | ||
| 005 | 20150917103103.0 | ||
| 008 | 150917b xxu||||| |||| 00| 0 eng d | ||
| 040 | _cRUA | ||
| 082 | _aAGR MEA 2005 B031 Or.1 | ||
| 100 |
_9648 _aMEAS, CHANNTY. |
||
| 245 | _aEffect of flooding on livelihoods of people living near viet nam dam in takeo province ឥទ្ធិពលគ្រោះមហន្ដរាយទឹកជំនន់ទៅលើប្រព័ន្ធចិញ្ចឹមជីវិត របស់ប្រជាជនរស់នៅជិតទំនប់វៀតណាម ក្នុងខេត្ដតាកែវ | ||
| 260 |
_aPhnom Penh _bRUA _c2005 |
||
| 300 |
_axi; 47p. _bill. _c29cm. |
||
| 942 |
_2ddc _cAGR |
||
| 999 |
_c621 _d621 |
||